Geography Quiz

Random Geography or City Quiz
Score 0/15 Timer 06:00
0 Plays Today
City % Correct
Detroit, MI
88.6%
Miami, FL
71.4%
New Orleans, LA
61.4%
Baltimore, MD
57.8%
Philadelphia, PA
57.4%
Memphis, TN
45.8%
Las Vegas, NV
39.7%
Nashville, TN
39.1%
City % Correct
Orlando, FL
37.3%
Charlotte, NC
26.6%
Baton Rouge, LA
23.4%
Little Rock, AR
21.9%
Charleston, SC
14.5%
Stockton, CA
9.2%
West Palm Beach, FL
4.2%
Remove Ads.
Support Sporcle.
Get the best of Sporcle when you Go Orange. This ad-free experience offers more features, more stats, and more fun while also helping to support Sporcle. Thank you for becoming a member.

You're not logged in!

Compare scores with friends on all Sporcle quizzes.
OR
Log In

Show Comments

Extras

Created Sep 29, 2009SourceReportNominate
Tags:City Quiz, 2009, Dangerous

Top Quizzes Today


Score Distribution

Your Account Isn't Verified!

In order to create a playlist on Sporcle, you need to verify the email address you used during registration. Go to your Sporcle Settings to finish the process.

Report this User

Report this user for behavior that violates our Community Guidelines.

Details: